000 00858cam a22002651 4500
001 4126
003 BD-RjUL
005 20211208233834.0
008 790405s19651958ii a 001 0 eng
035 _a(BD-RjUL)4160
040 _aDLC
_cDLC
_dDLC
_beng
041 _aeng
082 0 0 _a338.9
_219
_bAGE 1965
100 1 _aAgarwala, A. N.
_q(Amar Narain),
_d1917-
_913100
245 1 4 _aThe economics of underdevelopment /
_c A. N. Agarwala and S. P. Singh.
260 _a[Bombay :
_aNew York :
_bIndian Branch, Oxford University Press,
_c1958.[REPRINTED 1965]
300 _a510 p.
_billus.
_c22 cm.
526 _bEconomics
650 0 _aEconomic development.
_913101
651 0 _aDeveloping countries
_xEconomic conditions.
_913102
700 1 _aSingh, Sampat Pal,
_d1929-
_ejoint ed.
_913103
942 _2ddc
_cBK
999 _c4126
_d4126